[Event "Myriam Roy II"]
[Site "Montreal CAN"]
[Date "2007.08.25"]
[Round "4"]
[White "Malveau, Cedric"]
[Black "Le Duin, Thierry"]
[Result "0-1"]
[WhiteElo "2063"]
[BlackElo "2082"]
[PlyCount "76"]
[GameId "2160767910579801"]
[EventDate "2007.08.23"]
[EventType "tourn"]
[EventRounds "7"]
[EventCountry "CAN"]
[SourceTitle "EXT 2022"]
[Source "ChessBase"]
[SourceDate "2021.10.06"]
[SourceVersion "1"]
[SourceVersionDate "2021.10.06"]
[SourceQuality "1"]

1. e4 d5 2. exd5 Nf6 3. d4 Bg4 4. Nf3 Qxd5 5. Be2 Qh5 6. c4 Nc6 7. Be3 O-O-O 8. Nbd2 e6 9. Qa4 Bb4 10. O-O-O Qa5 11. Qxa5 Nxa5 12. h3 Bxd2+ 13. Rxd2 Bxf3 14. gxf3 Nc6 15. Kc2 Rd7 16. Rg1 g6 17. Kc3 Re8 18. Bd1 Ne7 19. Ba4 c6 20. b4 a6 21. b5 axb5 22. cxb5 Nfd5+ 23. Kb3 Rc7 24. Rc1 Kd7 25. Kb2 Ra8 26. bxc6+ bxc6 27. Bb3 Rb7 28. Kc2 Nf5 29. Kd3 Rb6 30. Ke2 Nd6 31. h4 h5 32. Rdc2 Nf5 33. Rh1 Rba6 34. Rc4 Nd6 35. Rcc1 Nb4 36. Bf4 Nxa2 37. Bxd6 Nxc1+ 38. Rxc1 Kxd6 0-1

[Event "Myriam Roy II"]
[Site "Montreal CAN"]
[Date "2007.08.26"]
[Round "5"]
[White "Libersan, Thierry"]
[Black "Malveau, Cedric"]
[Result "0-1"]
[WhiteElo "2027"]
[BlackElo "2063"]
[PlyCount "74"]
[GameId "2160767910579804"]
[EventDate "2007.08.23"]
[EventType "tourn"]
[EventRounds "7"]
[EventCountry "CAN"]
[SourceTitle "EXT 2022"]
[Source "ChessBase"]
[SourceDate "2021.10.06"]
[SourceVersion "1"]
[SourceVersionDate "2021.10.06"]
[SourceQuality "1"]

1. Nf3 Nf6 2. c4 e6 3. g3 d5 4. Bg2 Be7 5. O-O O-O 6. b3 c5 7. cxd5 Nxd5 8. Bb2 Bf6 9. Bxf6 Qxf6 10. Na3 Nc6 11. Rc1 Qe7 12. Qc2 b6 13. Nc4 Bb7 14. a3 Rac8 15. Qb2 Rfd8 16. Rfd1 h6 17. e4 Nf6 18. e5 Nd5 19. Nd6 Rb8 20. Nxb7 Qxb7 21. d4 cxd4 22. Nxd4 Nxd4 23. Rxd4 Rd7 24. Rcd1 Rbd8 25. b4 b5 26. Qb3 a6 27. R4d3 Qc6 28. h4 Kf8 29. Kh2 Ke7 30. Rd4 Kf8 31. h5 Ke7 32. Qb1 Qc7 33. f4 Ne3 34. Rxd7+ Rxd7 35. Rxd7+ Qxd7 36. Qe4 Ng4+ 37. Kg1 Qa7+ 0-1

[Event "Myriam Roy II"]
[Site "Montreal CAN"]
[Date "2007.08.26"]
[Round "6"]
[White "Malveau, Cedric"]
[Black "Roy, Myriam"]
[Result "1/2-1/2"]
[WhiteElo "2063"]
[BlackElo "1925"]
[PlyCount "44"]
[GameId "2160767910579809"]
[EventDate "2007.08.23"]
[EventType "tourn"]
[EventRounds "7"]
[EventCountry "CAN"]
[SourceTitle "EXT 2022"]
[Source "ChessBase"]
[SourceDate "2021.10.06"]
[SourceVersion "1"]
[SourceVersionDate "2021.10.06"]
[SourceQuality "1"]

1. e4 e5 2. Nf3 Nc6 3. Bc4 Bc5 4. c3 Nf6 5. d3 h6 6. Nbd2 d6 7. h3 a6 8. Bb3 O-O 9. O-O Ba7 10. Nc4 Re8 11. Ne3 Na5 12. Bc2 d5 13. exd5 Nxd5 14. Nxd5 Qxd5 15. d4 e4 16. Ne5 Be6 17. b4 Nc6 18. Bb3 Qd6 19. Nxc6 Bxb3 20. Qxb3 Qxc6 21. Bf4 Qd7 22. Rae1 c6 1/2-1/2

[Event "Myriam Roy II"]
[Site "Montreal CAN"]
[Date "2007.08.27"]
[Round "7"]
[White "Libersan, Thierry"]
[Black "Arsenault, Nicolas"]
[Result "0-1"]
[WhiteElo "2027"]
[BlackElo "2191"]
[PlyCount "64"]
[GameId "2160767910579812"]
[EventDate "2007.08.23"]
[EventType "tourn"]
[EventRounds "7"]
[EventCountry "CAN"]
[SourceTitle "EXT 2022"]
[Source "ChessBase"]
[SourceDate "2021.10.06"]
[SourceVersion "1"]
[SourceVersionDate "2021.10.06"]
[SourceQuality "1"]

1. e4 e6 2. d4 d5 3. Nc3 Nf6 4. e5 Nfd7 5. f4 c5 6. Nf3 Nc6 7. Be3 cxd4 8. Nxd4 Bc5 9. Qd2 O-O 10. O-O-O Bxd4 11. Bxd4 a6 12. h4 b5 13. Rh3 b4 14. Na4 Qa5 15. b3 Qc7 16. h5 a5 17. Kb1 Nxd4 18. Qxd4 Ba6 19. Bxa6 Rxa6 20. Rc1 Rc6 21. Re3 f6 22. exf6 Nxf6 23. h6 Ne4 24. Rf3 gxh6 25. f5 Qg7 26. Qd1 Qg5 27. Ka1 Rxf5 28. Rxf5 Qxf5 29. Qd3 Qe5+ 30. Kb1 Rc7 31. Rf1 Rg7 32. a3 Rxg2 0-1

[Event "Myriam Roy Suisse"]
[Site "Varennes CAN"]
[Date "2007.11.03"]
[Round "1"]
[White "Le Duin, Thierry"]
[Black "Girouard, Michel"]
[Result "0-1"]
[WhiteElo "2077"]
[BlackElo "1875"]
[PlyCount "98"]
[GameId "2160767910574510"]
[EventDate "2007.11.02"]
[EventType "swiss"]
[EventRounds "5"]
[EventCountry "CAN"]

1. d4 g6 2. c4 Bg7 3. Nc3 d6 4. e4 Nd7 5. Bg5 f6 6. Be3 e5 7. d5 Ne7 8. Bd3 O-O 9. Nge2 f5 10. f3 Nf6 11. Qd2 fxe4 12. Bxe4 Nf5 13. Bg5 Qe8 14. O-O-O a6 15. h4 b5 16. Bxf6 Rxf6 17. g4 Ne7 18. g5 Rf8 19. c5 b4 20. Nb1 Rb8 21. c6 Nf5 22. Qd3 Rb6 23. Nd2 a5 24. Nc4 Ba6 25. Rdg1 Qb8 26. h5 Bxc4 27. Qxc4 Rb5 28. Qd3 Rc5+ 29. Kb1 Qb5 30. Qxb5 Rxb5 31. h6 Bh8 32. Rh3 Ne3 33. Rc1 Rd8 34. f4 Nf5 35. Bxf5 gxf5 36. Rd1 Kf7 37. Rhh1 Kg6 38. Rhg1 Rc5 39. Rg2 Rb8 40. Rg3 e4 41. Rc3 a4 42. Rh3 Rbb5 43. Ng3 Rxd5 44. Rxd5 Rxd5 45. b3 a3 46. Rh2 Rc5 47. Rc2 Bc3 48. Ne2 d5 49. Nxc3 bxc3 0-1

[Event "Myriam Roy Suisse"]
[Site "Varennes CAN"]
[Date "2007.11.03"]
[Round "1"]
[White "Trottier, Alain"]
[Black "Chabot, Roland"]
[Result "1/2-1/2"]
[WhiteElo "1919"]
[BlackElo "2273"]
[PlyCount "84"]
[GameId "2160767910574511"]
[EventDate "2007.11.02"]
[EventType "swiss"]
[EventRounds "5"]
[EventCountry "CAN"]

1. Nf3 d5 2. g3 Nf6 3. Bg2 c6 4. O-O Bf5 5. d3 e6 6. Qe1 h6 7. Nbd2 Na6 8. a3 Be7 9. Ne5 O-O 10. h3 Bh7 11. f4 Nd7 12. Ndf3 f6 13. Ng4 Re8 14. e4 dxe4 15. dxe4 Bf8 16. Kh2 Nac5 17. Nd2 a5 18. Qf2 f5 19. Ne5 Nf6 20. exf5 exf5 21. Ndf3 Nce4 22. Qd4 Qxd4 23. Nxd4 Rad8 24. Be3 Bc5 25. Rad1 Nd5 26. Bg1 Ndf6 27. c3 a4 28. Rfe1 Bb6 29. Kh1 Bc7 30. Kh2 Bxe5 31. fxe5 Rxe5 32. Nf3 Rxd1 33. Rxd1 Rd5 34. Rd4 Rxd4 35. Bxd4 Nd7 36. Bf1 Kf8 37. Bd3 Bg8 38. Nh4 Bh7 39. Bc2 b5 40. c4 g5 41. cxb5 cxb5 42. Ng2 Nd6 1/2-1/2

[Event "Myriam Roy Suisse"]
[Site "Varennes CAN"]
[Date "2007.11.04"]
[Round "3"]
[White "Jiang, Louie"]
[Black "Morissette, Jean"]
[Result "0-1"]
[WhiteElo "2148"]
[BlackElo "1982"]
[PlyCount "58"]
[GameId "2160767910574514"]
[EventDate "2007.11.02"]
[EventType "swiss"]
[EventRounds "5"]
[EventCountry "CAN"]

1. e4 c5 2. Nf3 Nc6 3. d4 cxd4 4. Nxd4 e5 5. Nb5 d6 6. N1c3 a6 7. Na3 b5 8. Nd5 Nce7 9. Be3 Nxd5 10. Qxd5 Rb8 11. f3 Ne7 12. Qd2 Be6 13. c4 b4 14. Nc2 Nc6 15. Bd3 Be7 16. O-O O-O 17. a3 bxa3 18. Nxa3 Nd4 19. Rad1 f5 20. b4 Qd7 21. Rb1 fxe4 22. Bxe4 d5 23. cxd5 Bxd5 24. Bd3 Rfd8 25. Rfd1 Bxf3 26. Nc4 Bf6 27. Rf1 Bd5 28. Qf2 Qe6 29. Nd2 e4 0-1

[Event "Myriam Roy Suisse"]
[Site "Varennes CAN"]
[Date "2007.11.04"]
[Round "3"]
[White "Le Duin, Thierry"]
[Black "Poulin, Mathieu"]
[Result "1-0"]
[WhiteElo "2077"]
[BlackElo "1633"]
[PlyCount "139"]
[GameId "2160767910574515"]
[EventDate "2007.11.02"]
[EventType "swiss"]
[EventRounds "5"]
[EventCountry "CAN"]

1. d4 d5 2. Nf3 e6 3. c3 Be7 4. Bf4 Nd7 5. Nbd2 Ngf6 6. e3 O-O 7. Bd3 c5 8. Bg5 b6 9. Ne5 Nxe5 10. dxe5 Nd7 11. Bxe7 Qxe7 12. f4 Bb7 13. Qh5 g6 14. Qh6 f6 15. Nf3 fxe5 16. fxe5 Qg7 17. Qxg7+ Kxg7 18. Ke2 h6 19. h4 Rad8 20. Rh3 c4 21. Bc2 Nc5 22. Nd4 Rde8 23. Rf3 Bc8 24. Nb5 Ne4 25. Bxe4 dxe4 26. Rxf8 Rxf8 27. Nd6 Bd7 28. Rf1 Bc6 29. Rxf8 Kxf8 30. Kf2 b5 31. Kg3 Kg7 32. Kf4 a6 33. Nxe4 Kf7 34. g4 Ke7 35. Nc5 a5 36. g5 h5 37. e4 Bd7 38. Nb7 a4 39. Ke3 Bc6 40. Nd6 Kd7 41. Kd4 Kc7 42. Kc5 a3 43. bxa3 Kd7 44. Kb6 Ba8 45. Kxb5 Kc7 46. Kxc4 Kb6 47. Kb4 Bc6 48. c4 Bd7 49. c5+ Ka6 50. a4 Bc6 51. a5 Bd7 52. a4 Bc6 53. Nb5 Bd7 54. Nd4 Kb7 55. c6+ Bxc6 56. Nxe6 Bxe4 57. Nc5+ Kc6 58. Nxe4 Kd5 59. a6 Kxe4 60. e6 Kf4 61. e7 Kg4 62. e8=Q Kxh4 63. Qe5 Kg4 64. a7 h4 65. a8=R h3 66. Rf8 h2 67. Qf4+ Kh3 68. Rh8+ Kg2 69. Rxh2+ Kg1 70. Qf2# 1-0

[Event "Mystere"]
[Site "Gatineau CAN"]
[Date "2007.05.29"]
[Round "1"]
[White "Berthiaume, Serge"]
[Black "Iyamuremye, Gervais"]
[Result "0-1"]
[WhiteElo "1229"]
[BlackElo "1577"]
[PlyCount "94"]
[GameId "2160767910667764"]
[EventDate "2007.05.29"]
[EventType "swiss"]
[EventRounds "4"]
[EventCountry "CAN"]
[SourceTitle "EXT 2022"]
[Source "ChessBase"]
[SourceDate "2021.10.06"]
[SourceVersion "1"]
[SourceVersionDate "2021.10.06"]
[SourceQuality "1"]

1. d4 d5 2. c4 c6 3. Nc3 e6 4. Nf3 a6 5. Bf4 dxc4 6. a4 Bb4 7. e4 Bxc3+ 8. bxc3 b5 9. g3 h6 10. e5 Ne7 11. Bg2 Nd5 12. Bd2 Nd7 13. O-O N7b6 14. a5 Na4 15. Rxa4 bxa4 16. Qxa4 Bd7 17. Ra1 c5 18. Qxc4 cxd4 19. Nxd4 Qc8 20. Qb3 Rb8 21. Qc2 O-O 22. Be4 Ne7 23. g4 Nc6 24. Qc1 Nxe5 25. Bxh6 gxh6 26. Qxh6 Ng6 27. Nf3 Qxc3 28. Rc1 Qg7 29. Qd2 Ne5 30. Qf4 Qxg4+ 31. Qxg4+ Nxg4 32. h3 Nf6 33. Ne5 Rb5 34. Nxd7 Nxd7 35. Bc6 Rc5 36. Rd1 Rxc6 37. Rxd7 Rfc8 38. Rd3 Rc5 39. Rg3+ Kf8 40. h4 Rxa5 41. Kh2 Rh5 42. Kh3 Rc4 43. Ra3 Rcxh4+ 44. Kg2 a5 45. f3 a4 46. Kg3 Rb4 47. f4 Rb3+ 0-1

[Event "Mystere"]
[Site "Gatineau CAN"]
[Date "2007.05.29"]
[Round "1"]
[White "Blouin, Francois"]
[Black "Berthiaume, Patrick"]
[Result "1-0"]
[WhiteElo "1526"]
[BlackElo "1041"]
[PlyCount "121"]
[GameId "2160767910667765"]
[EventDate "2007.05.29"]
[EventType "swiss"]
[EventRounds "4"]
[EventCountry "CAN"]
[SourceTitle "EXT 2022"]
[Source "ChessBase"]
[SourceDate "2021.10.06"]
[SourceVersion "1"]
[SourceVersionDate "2021.10.06"]
[SourceQuality "1"]

1. e4 e5 2. Nf3 Nc6 3. Bb5 Nf6 4. d3 d6 5. h3 Bd7 6. Nc3 Be7 7. O-O O-O 8. a3 a6 9. Bc4 b5 10. Ba2 h6 11. Be3 Qc8 12. Kh2 Be6 13. Qd2 Kh7 14. Bb3 Bxb3 15. cxb3 Na5 16. Qc2 Qe6 17. Nd2 c5 18. Ne2 Rfc8 19. Rac1 Rc7 20. f4 Rac8 21. f5 Qd7 22. Qd1 d5 23. Ng3 d4 24. Bf2 Qd6 25. Be1 Rc6 26. Nf3 Nb7 27. Qe2 Kg8 28. Bd2 Kf8 29. Ng1 Ng8 30. Nh5 Nf6 31. g4 Nxh5 32. gxh5 f6 33. Nf3 a5 34. Rg1 Kg8 35. Qg2 Bf8 36. Bxh6 Qe7 37. Nh4 b4 38. Ng6 Qf7 39. Nxf8 Kxf8 40. Qxg7+ Qxg7 41. Rxg7 bxa3 42. Rxb7+ Ke8 43. bxa3 R8c7 44. Rb8+ Rc8 45. Rxc8+ Rxc8 46. Rg1 Kf7 47. Rg7+ Kf8 48. Rc7+ Kg8 49. Rxc8+ Kh7 50. Bd2 c4 51. Rxc4 a4 52. Rxa4 Kg7 53. Rc4 Kh7 54. a4 Kg7 55. a5 Kf7 56. a6 Ke7 57. a7 Kd7 58. a8=Q Kd6 59. Rc6+ Kd7 60. Qb7+ Kd8 61. Rc8# 1-0

[Event "Mystere"]
[Site "Gatineau CAN"]
[Date "2007.05.29"]
[Round "1"]
[White "Cossette, Daniel"]
[Black "Levesque, Andre"]
[Result "1-0"]
[WhiteElo "2173"]
[BlackElo "1414"]
[PlyCount "79"]
[GameId "2160767910667766"]
[EventDate "2007.05.29"]
[EventType "swiss"]
[EventRounds "4"]
[EventCountry "CAN"]
[SourceTitle "EXT 2022"]
[Source "ChessBase"]
[SourceDate "2021.10.06"]
[SourceVersion "1"]
[SourceVersionDate "2021.10.06"]
[SourceQuality "1"]

1. e4 c5 2. Nc3 Nc6 3. g3 g6 4. Bg2 Bg7 5. d3 e6 6. f4 d6 7. Nf3 Nge7 8. O-O O-O 9. Be3 Nd4 10. e5 Nef5 11. Bf2 Bd7 12. Ne4 Nxf3+ 13. Bxf3 Bc6 14. c3 b6 15. g4 Ne7 16. Nxd6 Bxf3 17. Qxf3 f6 18. exf6 Bxf6 19. Ne4 Bg7 20. Bg3 Nd5 21. Qe2 Rc8 22. Ng5 Re8 23. Nxe6 Qe7 24. f5 g5 25. Qd2 Bf6 26. Rae1 Qb7 27. Nxg5 h6 28. Ne6 Qh7 29. Qg2 Qd7 30. h4 Re7 31. g5 hxg5 32. hxg5 Bxg5 33. Nxg5 Rg7 34. Ne6 Rg4 35. f6 Kf7 36. Nf4 Nxf4 37. Rxf4 Rcg8 38. Re7+ Kf8 39. Qa8+ Qe8 40. Qxe8# 1-0

[Event "Mystere"]
[Site "Gatineau CAN"]
[Date "2007.05.29"]
[Round "1"]
[White "Forget, David"]
[Black "Sabourin, Yves"]
[Result "1-0"]
[WhiteElo "1873"]
[BlackElo "1317"]
[PlyCount "30"]
[GameId "2160767910667767"]
[EventDate "2007.05.29"]
[EventType "swiss"]
[EventRounds "4"]
[EventCountry "CAN"]
[SourceTitle "EXT 2022"]
[Source "ChessBase"]
[SourceDate "2021.10.06"]
[SourceVersion "1"]
[SourceVersionDate "2021.10.06"]
[SourceQuality "1"]

1. d4 d5 2. c4 e6 3. Nc3 Nf6 4. cxd5 Nxd5 5. e4 Nf6 6. Nf3 c5 7. Bg5 cxd4 8. Nxd4 Be7 9. Bb5+ Bd7 10. O-O O-O 11. Re1 Nd5 12. exd5 Bxg5 13. Bxd7 e5 14. Ne6 Qxd7 15. Nxg5 h6 1-0

[Event "Mystere"]
[Site "Gatineau CAN"]
[Date "2007.05.29"]
[Round "1"]
[White "Kennedy, Phillip"]
[Black "Desjardins, Michel"]
[Result "0-1"]
[WhiteElo "1351"]
[BlackElo "1880"]
[PlyCount "52"]
[GameId "2160767910667769"]
[EventDate "2007.05.29"]
[EventType "swiss"]
[EventRounds "4"]
[EventCountry "CAN"]

1. Nf3 d5 2. c4 d4 3. e3 c5 4. g3 Nc6 5. Bg2 e5 6. d3 Bd6 7. exd4 exd4 8. O-O Nge7 9. Nbd2 O-O 10. Ne4 Ng6 11. Nxd6 Qxd6 12. Ng5 Nge5 13. Ne4 Qc7 14. f4 Nd7 15. f5 Nce5 16. f6 Nxf6 17. Nxf6+ gxf6 18. Bh6 Re8 19. Rxf6 Ng4 20. Bd5 Nxf6 21. Qd2 Qe5 22. Re1 Qxe1+ 23. Qxe1 Rxe1+ 24. Kf2 Rb1 25. Bf3 Rxb2+ 26. Ke1 Rxh2 0-1

[Event "Mystere"]
[Site "Gatineau CAN"]
[Date "2007.05.29"]
[Round "1"]
[White "Pilon, Robert"]
[Black "Rainey, Ivan"]
[Result "1-0"]
[WhiteElo "1583"]
[BlackElo "1224"]
[PlyCount "127"]
[GameId "2160767910667770"]
[EventDate "2007.05.29"]
[EventType "swiss"]
[EventRounds "4"]
[EventCountry "CAN"]
[SourceTitle "EXT 2022"]
[Source "ChessBase"]
[SourceDate "2021.10.06"]
[SourceVersion "1"]
[SourceVersionDate "2021.10.06"]
[SourceQuality "1"]

1. d4 d5 2. c4 c6 3. cxd5 cxd5 4. Nc3 Nf6 5. Nf3 Nc6 6. e3 Bf5 7. Bd3 Bxd3 8. Qxd3 e6 9. a3 Be7 10. b4 a6 11. O-O O-O 12. Bd2 Re8 13. Rfc1 Bd6 14. Na4 e5 15. dxe5 Nxe5 16. Nxe5 Bxe5 17. Bc3 Bxc3 18. Nxc3 Rc8 19. Ne2 Rxc1+ 20. Rxc1 Qd6 21. Rc5 g6 22. h3 b6 23. Qxa6 Re4 24. Qc8+ Kg7 25. Qc7 Qxc7 26. Rxc7 Rc4 27. Rxc4 dxc4 28. Nc3 Kf8 29. a4 Nd7 30. a5 bxa5 31. bxa5 Nc5 32. Kf1 Ke7 33. Ke2 Kd6 34. e4 Kc6 35. Ke3 Kb7 36. Kd4 Nb3+ 37. Kxc4 Nxa5+ 38. Kd5 Kc7 39. Ke5 Kd7 40. Nd5 h5 41. Kf6 Ke8 42. Nf4 Nc4 43. Nd3 Nd6 44. f3 Kd7 45. g4 hxg4 46. hxg4 Ke8 47. e5 Nc4 48. e6 fxe6 49. Kxe6 Nd2 50. Ne5 Nb3 51. Kf6 Nc5 52. Kxg6 Ke7 53. f4 Ke6 54. g5 Ne4 55. Ng4 Ng3 56. Ne3 Ke7 57. Nf5+ Nxf5 58. Kxf5 Kf7 59. g6+ Kg7 60. Kg5 Kg8 61. Kh6 Kh8 62. g7+ Kg8 63. f5 Kf7 64. Kh7 1-0

[Event "Mystere"]
[Site "Gatineau CAN"]
[Date "2007.06.12"]
[Round "2"]
[White "Berthiaume, Serge"]
[Black "Kennedy, Phillip"]
[Result "0-1"]
[WhiteElo "1229"]
[BlackElo "1351"]
[PlyCount "85"]
[GameId "2160767910667771"]
[EventDate "2007.05.29"]
[EventType "swiss"]
[EventRounds "4"]
[EventCountry "CAN"]

1. d4 Nf6 2. c4 e6 3. Nc3 d5 4. Nf3 Bb4 5. Bd2 Bxc3 6. Bxc3 Ne4 7. Bb4 Nc6 8. Ba3 dxc4 9. e3 b5 10. Be2 b4 11. Bxb4 Nxb4 12. Qa4+ Bd7 13. Qxb4 Rb8 14. Qa3 Bb5 15. Ne5 Qd6 16. Nxc4 Bxc4 17. Bxc4 Qxa3 18. bxa3 Rb2 19. O-O Ke7 20. f3 Nd6 21. Bb3 Nf5 22. Rf2 Rxf2 23. Kxf2 Rb8 24. Rc1 Kd6 25. e4 Nxd4 26. Rd1 Ke5 27. Ke3 Nxb3 28. f4+ Kf6 29. axb3 Rxb3+ 30. Rd3 Rxd3+ 31. Kxd3 e5 32. Kc4 exf4 33. Kc5 Ke5 34. a4 Kxe4 35. a5 Ke3 36. a6 Kf2 37. Kc6 Kxg2 38. Kb7 f3 39. Kxa7 f2 40. Kb8 f1=Q 41. a7 Qa6 42. a8=Q+ Qxa8+ 43. Kxa8 0-1

[Event "Mystere"]
[Site "Gatineau CAN"]
[Date "2007.06.12"]
[Round "2"]
[White "Iyamuremye, Gervais"]
[Black "Forget, David"]
[Result "0-1"]
[WhiteElo "1577"]
[BlackElo "1873"]
[PlyCount "46"]
[GameId "2160767910667772"]
[EventDate "2007.05.29"]
[EventType "swiss"]
[EventRounds "4"]
[EventCountry "CAN"]
[SourceTitle "EXT 2022"]
[Source "ChessBase"]
[SourceDate "2021.10.06"]
[SourceVersion "1"]
[SourceVersionDate "2021.10.06"]
[SourceQuality "1"]

1. d4 d5 2. c4 c6 3. Nc3 dxc4 4. e4 b5 5. a4 b4 6. Na2 Nf6 7. e5 Nd5 8. Bxc4 Bf5 9. Qb3 e6 10. Bxd5 Qxd5 11. Qxd5 cxd5 12. Bd2 Nc6 13. Ne2 b3 14. Nac3 Be7 15. O-O O-O 16. Nb5 a6 17. Nbc3 Rfc8 18. Rac1 Nb4 19. Nd1 Nd3 20. Rxc8+ Rxc8 21. Ndc3 Bb4 22. Nb1 Rc4 23. Bxb4 Rxb4 0-1

[Event "Mystere"]
[Site "Gatineau CAN"]
[Date "2007.06.12"]
[Round "2"]
[White "Levesque, Andre"]
[Black "Dallaire, Dominic"]
[Result "0-1"]
[WhiteElo "1414"]
[BlackElo "1850"]
[PlyCount "58"]
[GameId "2160767910667773"]
[EventDate "2007.05.29"]
[EventType "swiss"]
[EventRounds "4"]
[EventCountry "CAN"]
[SourceTitle "EXT 2022"]
[Source "ChessBase"]
[SourceDate "2021.10.06"]
[SourceVersion "1"]
[SourceVersionDate "2021.10.06"]
[SourceQuality "1"]

1. e4 e6 2. d4 d5 3. e5 c5 4. Nf3 Nc6 5. Nc3 cxd4 6. Nb5 a6 7. Nbxd4 Bd7 8. a3 f6 9. Nxc6 bxc6 10. Bd3 fxe5 11. Nxe5 Nf6 12. Nxd7 Qxd7 13. O-O Bd6 14. Re1 O-O 15. b3 e5 16. h3 e4 17. Be2 Bc5 18. Bb2 Qa7 19. Rf1 Nd7 20. Qe1 Rxf2 21. Rxf2 Rf8 22. Kh1 Rxf2 23. Bg4 Rxc2 24. Rb1 Nf8 25. Qg3 Qf7 26. h4 Qf2 27. Qh3 Rxb2 28. Be6+ Kh8 29. Rd1 Nxe6 0-1

[Event "Mystere"]
[Site "Gatineau CAN"]
[Date "2007.06.12"]
[Round "2"]
[White "Pilon, Robert"]
[Black "Cossette, Daniel"]
[Result "0-1"]
[WhiteElo "1583"]
[BlackElo "2173"]
[PlyCount "54"]
[GameId "2160767910667775"]
[EventDate "2007.05.29"]
[EventType "swiss"]
[EventRounds "4"]
[EventCountry "CAN"]
[SourceTitle "EXT 2022"]
[Source "ChessBase"]
[SourceDate "2021.10.06"]
[SourceVersion "1"]
[SourceVersionDate "2021.10.06"]
[SourceQuality "1"]

1. e4 c5 2. c3 e6 3. d4 d5 4. e5 Nc6 5. Nf3 Qb6 6. Bd3 Bd7 7. Bc2 cxd4 8. cxd4 Nb4 9. a3 Nxc2+ 10. Qxc2 Rc8 11. Nc3 Ne7 12. O-O Nc6 13. Rd1 Na5 14. b4 Nc4 15. Qd3 Be7 16. Ra2 f6 17. Bf4 O-O 18. Nd2 fxe5 19. Nxc4 dxc4 20. Qe4 exf4 21. d5 Bf6 22. Rc2 Bxc3 23. Rxc3 exd5 24. Rxd5 Qe6 25. Re5 Qg6 26. Qd5+ Kh8 27. Re4 Bc6 0-1

[Event "Mystere"]
[Site "Gatineau CAN"]
[Date "2007.06.12"]
[Round "2"]
[White "Sabourin, Yves"]
[Black "Berthiaume, Patrick"]
[Result "0-1"]
[WhiteElo "1317"]
[BlackElo "1041"]
[PlyCount "75"]
[GameId "2160767910667776"]
[EventDate "2007.05.29"]
[EventType "swiss"]
[EventRounds "4"]
[EventCountry "CAN"]
[SourceTitle "EXT 2022"]
[Source "ChessBase"]
[SourceDate "2021.10.06"]
[SourceVersion "1"]
[SourceVersionDate "2021.10.06"]
[SourceQuality "1"]

1. d4 d5 2. c4 c6 3. Nc3 Nf6 4. Bg5 Bf5 5. Nf3 Nbd7 6. e3 e6 7. Bd3 Bxd3 8. Qxd3 Qb6 9. Rb1 Qa6 10. b3 Be7 11. O-O Rb8 12. Rfd1 b5 13. c5 O-O 14. a4 Qb7 15. axb5 cxb5 16. b4 a6 17. Re1 h6 18. Bf4 Rbc8 19. Ne5 Nh5 20. Nxd7 Qxd7 21. Bg3 Nxg3 22. hxg3 Rc6 23. Ra1 Ra8 24. Nxb5 Qb7 25. Nc3 Qxb4 26. Reb1 Qc4 27. Qxc4 dxc4 28. Rb7 Bf8 29. Rab1 a5 30. R7b6 Rc7 31. Ra1 Raa7 32. Nb5 c3 33. Nxc7 Rxc7 34. Rc1 a4 35. Ra6 Bxc5 36. dxc5 Rxc5 37. Rxa4 c2 38. Ra2 0-1

[Event "Mystere"]
[Site "Gatineau CAN"]
[Date "2007.06.19"]
[Round "3"]
[White "Berthiaume, Patrick"]
[Black "Berthiaume, Serge"]
[Result "0-1"]
[WhiteElo "1041"]
[BlackElo "1229"]
[PlyCount "66"]
[GameId "2160767910667777"]
[EventDate "2007.05.29"]
[EventType "swiss"]
[EventRounds "4"]
[EventCountry "CAN"]
[SourceTitle "EXT 2022"]
[Source "ChessBase"]
[SourceDate "2021.10.06"]
[SourceVersion "1"]
[SourceVersionDate "2021.10.06"]
[SourceQuality "1"]

1. e4 e5 2. Nf3 Nc6 3. Bc4 Nf6 4. Nc3 Bc5 5. O-O d6 6. Na4 Nxe4 7. Nxc5 Nxc5 8. Re1 O-O 9. d4 exd4 10. Nxd4 Nxd4 11. Qxd4 Ne6 12. Qe4 c6 13. Bd3 g6 14. Bh6 Re8 15. Qb4 d5 16. c4 c5 17. Qc3 d4 18. Qd2 Bd7 19. b3 Rb8 20. Qe2 Qa5 21. Qe5 a6 22. Be4 Bc6 23. Bd5 Bxd5 24. cxd5 Qc7 25. dxe6 Qxe5 26. Rxe5 fxe6 27. Rxc5 Re7 28. Bf4 Rbe8 29. Re1 Rd7 30. Rce5 Kf7 31. Bg5 d3 32. Rd1 Rc8 33. Rd2 Rc1+ 0-1

[Event "Mystere"]
[Site "Gatineau CAN"]
[Date "2007.06.19"]
[Round "3"]
[White "Cossette, Daniel"]
[Black "Desjardins, Michel"]
[Result "1-0"]
[WhiteElo "2173"]
[BlackElo "1880"]
[PlyCount "167"]
[GameId "2160767910667778"]
[EventDate "2007.05.29"]
[EventType "swiss"]
[EventRounds "4"]
[EventCountry "CAN"]
[SourceTitle "EXT 2022"]
[Source "ChessBase"]
[SourceDate "2021.10.06"]
[SourceVersion "1"]
[SourceVersionDate "2021.10.06"]
[SourceQuality "1"]

1. e4 d5 2. exd5 Qxd5 3. Nc3 Qd6 4. d4 Nf6 5. Nf3 a6 6. Bc4 Bg4 7. Qd3 Nc6 8. Ne2 e6 9. c3 Bf5 10. Qd1 Nd5 11. a4 Be7 12. O-O O-O 13. Ng3 Bg6 14. Re1 Rad8 15. Bd2 Rfe8 16. b4 Ra8 17. Qb3 h6 18. Ne4 Bxe4 19. Rxe4 Bf8 20. Rae1 Red8 21. Ne5 Nxe5 22. Rxe5 c6 23. g3 g6 24. Bf1 Bg7 25. R5e2 b5 26. a5 Kh7 27. Bh3 Re8 28. f4 Ne7 29. g4 Qd7 30. Qc2 Qd5 31. f5 Ng8 32. fxg6+ fxg6 33. Bg2 Qd6 34. Be4 e5 35. dxe5 Qe6 36. h3 Rf8 37. Be3 Qxe5 38. Bxg6+ Kh8 39. Kg2 Qxc3 40. Qxc3 Bxc3 41. Rg1 Kg7 42. Be4 Rae8 43. Bf3 Bf6 44. Bc5 Rxe2+ 45. Bxe2 Be7 46. Rc1 Rf4 47. Kg3 Rf8 48. Bf3 Rc8 49. h4 Kg6 50. Be4+ Kf7 51. Bxe7 Nxe7 52. Kf4 Kf6 53. Rc5 Kg7 54. Ke5 Rd8 55. Ke6 Rd4 56. Bxc6 Nxc6 57. Rxc6 Rxg4 58. h5 Rxb4 59. Rxa6 Re4+ 60. Kf5 Ra4 61. Ra7+ Kf8 62. Kg6 Rg4+ 63. Kh7 b4 64. Rb7 Rc4 65. Kxh6 b3 66. Rb8+ Kf7 67. Rxb3 Rc6+ 68. Kh7 Rc5 69. Rf3+ Ke7 70. h6 Rxa5 71. Kg7 Rg5+ 72. Kh8 Rg6 73. h7 Rg2 74. Ra3 Rg1 75. Ra8 Kf7 76. Rg8 Rh1 77. Rg2 Rh3 78. Rf2+ Ke7 79. Rg2 Kf7 80. Rg5 Rh1 81. Rf5+ Ke7 82. Kg7 Rg1+ 83. Kh6 Ke6 84. Rg5 1-0